[Event "Niedersachsen-chT U16"]
[Site "Verden"]
[Date "2004.05.21"]
[Round "3.3"]
[White "Ahlers, Hendrik"]
[Black "Gutmann, Joachim"]
[Result "1-0"]
[WhiteElo "1332"]
[BlackElo "1025"]
[PlyCount "79"]
[EventDate "2004.05.20"]
[EventType "team"]
[EventRounds "7"]
[EventCountry "GER"]
[SourceTitle "EXT 2005"]
[Source "ChessBase"]
[SourceDate "2004.11.15"]
[SourceVersion "1"]
[SourceVersionDate "2004.11.15"]
[SourceQuality "1"]
[WhiteTeam "03"]
[BlackTeam "08"]
[WhiteTeamCountry "GER"]
[BlackTeamCountry "GER"]

1. e4 e5 2. Nf3 Nc6 3. Bc4 Bc5 4. Nc3 d6 5. d3 Bg4 6. h3 Bxf3 7. Qxf3 Nf6 8. Bg5 Nd4 9. Qd1 h6 10. Bh4 g5 11. Bg3 Qe7 12. Nd5 Nxd5 13. Bxd5 c6 14. Bc4 Qf6 15. c3 Ne6 16. Qb3 Rb8 17. Bxe6 Qxe6 18. Qxe6+ fxe6 19. f3 Be3 20. Bf2 Bxf2+ 21. Kxf2 Kd7 22. h4 d5 23. Rh2 Rh7 24. hxg5 Rbh8 25. Rah1 Ke7 26. g6 Rg7 27. Rxh6 Rxh6 28. Rxh6 Kf6 29. Kg3 Rxg6+ 30. Rxg6+ Kxg6 31. Kg4 b5 32. b4 a6 33. a3 dxe4 34. dxe4 Kh6 35. Kh4 Kg6 36. g4 Kh6 37. g5+ Kg6 38. Kg4 Kh7 39. Kh5 Kg7 40. g6 1-0

[Event "Niedersachsen-chT U12"]
[Site "Rotenburg"]
[Date "2000.06.16"]
[Round "1.1"]
[White "Lubbe, Alexander"]
[Black "Gutmann, Joachim"]
[Result "1-0"]
[WhiteElo "1175"]
[BlackElo "298"]
[PlyCount "55"]
[EventDate "2000.06.16"]
[EventType "team"]
[EventRounds "5"]
[EventCountry "GER"]
[SourceTitle "EXT 2003"]
[Source "ChessBase"]
[SourceDate "2002.11.25"]
[SourceVersion "1"]
[SourceVersionDate "2002.11.25"]
[SourceQuality "1"]

1. e4 e5 2. Nf3 Nc6 3. Bb5 Bd6 4. Nc3 Nf6 5. d3 0-0 6. Bg5 a6 7. Ba4 Qe7 8. Nd5 Qe6 9. Bxf6 gxf6 10. Bb3 Nb4 11. Nxc7 Qg4 12. Nxa8 Qxg2 13. Rg1 Qxg1+ 14. Nxg1 Kh8 15. c3 Rg8 16. Nf3 Rg2 17. cxb4 Bxb4+ 18. Kf1 Rg4 19. Nxe5 Rf4 20. Nxf7+ Kg8 21. Nd6+ Kf8 22. Qh5 Ke7 23. Nxc8+ Kd8 24. Qf7 d6 25. Be6 Rxf2+ 26. Kxf2 Bc5+ 27. Kf1 h5 28. Qd7# 1-0

[Event "Niedersachsen-chT U12"]
[Site "Rotenburg"]
[Date "2000.06.16"]
[Round "2.1"]
[White "Raulf, Christopher"]
[Black "Gutmann, Joachim"]
[Result "1-0"]
[WhiteElo "718"]
[BlackElo "298"]
[PlyCount "111"]
[EventDate "2000.06.16"]
[EventType "team"]
[EventRounds "5"]
[EventCountry "GER"]
[SourceTitle "EXT 2003"]
[Source "ChessBase"]
[SourceDate "2002.11.25"]
[SourceVersion "1"]
[SourceVersionDate "2002.11.25"]
[SourceQuality "1"]

1. e4 e5 2. Nf3 Nc6 3. Bc4 Nf6 4. Ng5 d5 5. exd5 Nxd5 6. d4 exd4 7. Qf3 Qe7+ 8. Kd1 f6 9. Re1 Ne5 10. Qxd5 Qd7 11. Qxd7+ Bxd7 12. f4 0-0-0 13. fxe5 fxg5 14. e6 Bc6 15. e7 Re8 16. Bxg5 h6 17. Bf7 hxg5 18. Bxe8 Bxe8 19. c3 dxc3 20. Nxc3 Bh5+ 21. Kd2 Bxe7 22. Rxe7 Rd8+ 23. Kc2 Bg6+ 24. Kb3 b6 25. Rxg7 Bf5 26. Rxg5 Be6+ 27. Kc2 Rf8 28. Re1 Rf2+ 29. Re2 Bf5+ 30. Kd2 Rf4 31. Nb5 Bg4 32. Re8+ Kd7 33. Re3 Rf2+ 34. Ke1 Rxg2 35. Kf1 Rxb2 36. Rg7+ Kc6 37. Nd4+ Kd5 38. Rxg4 Rxh2 39. Nb5 Rh1+ 40. Kg2 Rc1 41. Rd4+ Kc5 42. Rb3 Rc2+ 43. Kf3 a6 44. Ke3 axb5 45. Kd3 Rc4 46. Rc3 Kb4 47. Rdxc4+ bxc4+ 48. Rxc4+ Kb5 49. Rxc7 Ka6 50. Kc4 b5+ 51. Kb4 Kb6 52. Rc5 Ka6 53. Rxb5 Ka7 54. Kc5 Ka6 55. Rb3 Ka5 56. Ra3# 1-0